[Event "Dortmund Sparkassen op-B"]
[Site "Dortmund"]
[Date "2015.07.03"]
[Round "7"]
[White "Fistoul, Boris"]
[Black "Gelashvili, Vakhtang"]
[Result "1-0"]
[WhiteElo "1846"]
[BlackElo "1717"]
[PlyCount "101"]
[EventDate "2015.06.27"]
[EventType "swiss"]
[EventRounds "9"]
[EventCountry "GER"]
[SourceTitle "CBM 167 Extra"]
[Source "ChessBase"]
[SourceDate "2015.09.14"]
[SourceVersion "1"]
[SourceVersionDate "2015.09.14"]
[SourceQuality "1"]

1. d4 Nf6 2. c4 e6 3. Nc3 b6 4. Bg5 Be7 5. f3 h6 6. Bh4 d5 7. e3 Bb7 8. cxd5 exd5 9. Bd3 Nbd7 10. Qc2 Rc8 11. Nge2 c5 12. 0-0 a6 13. a4 0-0 14. Bf5 Bc6 15. Qd2 Ne8 16. Bxe7 Qxe7 17. Nf4 Nef6 18. Rfe1 Rb8 19. Rad1 b5 20. axb5 axb5 21. Bxd7 Qxd7 22. dxc5 Rfd8 23. b4 Ra8 24. Nfe2 Ra3 25. Nd4 Kh8 26. Qb2 Raa8 27. Ra1 Rxa1 28. Rxa1 Qe8 29. Kf2 Ra8 30. Rxa8 Qxa8 31. Ncxb5 Bxb5 32. Nxb5 Qa4 33. Nd4 Qd1 34. c6 Ne8 35. b5 Qh1 36. h3 Qh2 37. b6 h5 38. c7 Nxc7 39. bxc7 Qxc7 40. Qc2 Qb8 41. Qf5 Qb2+ 42. Ne2 Qb7 43. Qxh5+ Kg8 44. Qe5 Qa8 45. Nf4 Qa2+ 46. Kg3 Qd2 47. Nxd5 f6 48. Ne7+ Kf8 49. Qe6 Qc2 50. Nf5 Qc7+ 51. Qd6+ 1-0

[Event "Rheinland Pfalz op 3rd"]
[Site "Gau Algesheim"]
[Date "2011.08.01"]
[Round "5"]
[White "Gelashvili, Vakhtang"]
[Black "Senk, Christian"]
[Result "0-1"]
[WhiteElo "1875"]
[BlackElo "2168"]
[PlyCount "116"]
[EventDate "2011.07.28"]
[EventType "swiss"]
[EventRounds "7"]
[EventCountry "GER"]
[SourceTitle "EXT 2013"]
[Source "ChessBase"]
[SourceDate "2012.11.22"]
[SourceVersion "1"]
[SourceVersionDate "2012.11.22"]
[SourceQuality "1"]

1. e4 e6 2. Nf3 d5 3. e5 c5 4. d4 cxd4 5. Qxd4 Nc6 6. Qd1 Nge7 7. Bd3 Ng6 8. Qe2 Qc7 9. Bb5 Bd7 10. Bxc6 Bxc6 11. 0-0 Bc5 12. Re1 0-0 13. c3 a6 14. b4 Ba7 15. a4 b5 16. a5 Bd7 17. h4 Qc4 18. h5 Qxe2 19. Rxe2 Ne7 20. h6 Nf5 21. hxg7 Rfc8 22. Bg5 Ng3 23. Rea2 Kxg7 24. Bf6+ Kg8 25. Kh2 Ne4 26. Bh4 Bb8 27. Bg3 Nxg3 28. fxg3 f6 29. exf6 Kf7 30. Re2 Kxf6 31. Rf2 Rg8 32. Ng1+ Ke7 33. Ne2 Bd6 34. Nd2 Raf8 35. Rxf8 Rxf8 36. Rf1 Rxf1 37. Nxf1 e5 38. Ne3 Be6 39. Kh1 Kd7 40. g4 Be7 41. Kg1 d4 42. cxd4 exd4 43. Nxd4 Bxb4 44. Nxe6 Kxe6 45. Kf1 Bxa5 46. Ke2 Bb6 47. Nc2 Bc5 48. Ne1 a5 49. Nf3 a4 50. Kd3 Kd5 51. Kc2 b4 52. Nd2 Be3 53. Nf1 Bd4 54. Nd2 Bc3 55. Nf1 Kd4 56. Ng3 b3+ 57. Kb1 Kd3 58. Nh5 a3 0-1

[Event "Rheinland Pfalz op 3rd"]
[Site "Gau Algesheim"]
[Date "2011.07.29"]
[Round "3"]
[White "Gelashvili, Vakhtang"]
[Black "Ramminger, Heinz"]
[Result "1-0"]
[WhiteElo "1875"]
[BlackElo "1483"]
[PlyCount "109"]
[EventDate "2011.07.28"]
[EventType "swiss"]
[EventRounds "7"]
[EventCountry "GER"]
[SourceTitle "EXT 2013"]
[Source "ChessBase"]
[SourceDate "2012.11.22"]
[SourceVersion "1"]
[SourceVersionDate "2012.11.22"]
[SourceQuality "1"]

1. Nf3 Nf6 2. Nc3 d5 3. d4 e6 4. e3 a6 5. Bd3 c5 6. 0-0 Nc6 7. a3 cxd4 8. exd4 Be7 9. Ne2 h6 10. c3 0-0 11. Bf4 Bd6 12. Re1 Bxf4 13. Nxf4 Qc7 14. Qd2 Bd7 15. h3 Rfe8 16. Ne5 Re7 17. Re3 Nxe5 18. Rxe5 Bc6 19. Rae1 Rae8 20. f3 Nd7 21. R5e2 Nf6 22. Bb1 Bb5 23. Re5 Bc6 24. Qc2 Qd7 25. Nh5 Ne4 26. fxe4 dxe4 27. R5xe4 Bxe4 28. Qxe4 f5 29. Qe5 Qd5 30. Nf4 Qxe5 31. Rxe5 Kf7 32. Ba2 Kf6 33. Nd3 b6 34. Re2 g5 35. Ne5 Rc8 36. Kf2 h5 37. Ke3 g4 38. hxg4 hxg4 39. Kf4 Rh7 40. g3 Rh3 41. Nd7+ Kg7 42. Rxe6 Rh2 43. Re7+ Kh8 44. Nf6 Rf8 45. Kg5 f4 46. Nxg4 Rxb2 47. gxf4 Rxa2 48. Nf6 Rg2+ 49. Kf5 Rh2 50. Ke5 Re2+ 51. Ne4 Rc8 52. Kd6 Ra2 53. f5 Rxa3 54. Nf6 Rd8+ 55. Ke6 1-0

[Event "Moehnesee Cup 36th"]
[Site "Moehnesee"]
[Date "2010.08.27"]
[Round "2"]
[White "Gelashvili, Vakhtang"]
[Black "Gerhards, Walter"]
[Result "1-0"]
[WhiteElo "1883"]
[BlackElo "2023"]
[PlyCount "131"]
[EventDate "2010.08.26"]
[EventType "swiss"]
[EventRounds "7"]
[EventCountry "GER"]
[SourceTitle "EXT 2011"]
[Source "ChessBase"]
[SourceDate "2010.11.26"]
[SourceVersion "1"]
[SourceVersionDate "2010.11.26"]
[SourceQuality "1"]

1. Nf3 d5 2. d4 Nf6 3. g3 Bg4 4. Ne5 Bf5 5. Nc3 e6 6. a3 Nbd7 7. Bg5 Be7 8. Bg2 h6 9. Bf4 c5 10. 0-0 0-0 11. Qd2 cxd4 12. Qxd4 Bxc2 13. Rac1 Bh7 14. b4 a5 15. Nxd7 Nxd7 16. e4 Bf6 17. e5 Be7 18. Rfe1 axb4 19. axb4 Qb6 20. Qxb6 Nxb6 21. b5 Bb4 22. Bd2 Nc4 23. Red1 Nb2 24. Nxd5 Ba3 25. Ne3 Nxd1 26. Rxd1 Rab8 27. Nc4 Be7 28. Na5 Bd3 29. b6 Ba6 30. Rc1 Rfd8 31. Be3 Bb4 32. Nb3 Rbc8 33. Rb1 Rd7 34. h4 Rcd8 35. Bf3 Bc3 36. Nc5 Re7 37. Nxa6 bxa6 38. Bc5 Ree8 39. Bd6 Rb8 40. b7 f6 41. exf6 gxf6 42. Bxb8 Rxb8 43. Rb6 Kf7 44. Rxa6 Be5 45. Ra8 Ke7 46. Kg2 Bc7 47. g4 Rd8 48. Rxd8 Kxd8 49. Kf1 Ke7 50. Ke2 Kd6 51. Kd3 Kc5 52. Bg2 Bb8 53. Ke3 Kd6 54. Be4 Ba7+ 55. Kd3 Kc5 56. f4 Bb8 57. Ke3 Bc7 58. g5 fxg5 59. hxg5 hxg5 60. fxg5 Kd6 61. g6 Ke7 62. Kd4 e5+ 63. Kd5 Bb8 64. Kc6 Ke8 65. Bd5 Ke7 66. g7 1-0

[Event "Dortmund op-B"]
[Site "Dortmund"]
[Date "2009.07.06"]
[Round "3"]
[White "Gelashvili, Vakhtang"]
[Black "Werninghaus, Klaus Peter"]
[Result "1-0"]
[WhiteElo "1883"]
[BlackElo "2018"]
[PlyCount "165"]
[EventDate "2009.07.04"]
[EventType "swiss"]
[EventRounds "9"]
[EventCountry "GER"]
[SourceTitle "EXT 2012"]
[Source "ChessBase"]
[SourceDate "2011.11.24"]
[SourceVersion "1"]
[SourceVersionDate "2011.11.24"]
[SourceQuality "1"]

1. e4 c6 2. c4 d5 3. cxd5 cxd5 4. e5 e6 5. Nf3 Nc6 6. d4 h6 7. Bd3 Qb6 8. 0-0 Bd7 9. Re1 Nxd4 10. Nxd4 Qxd4 11. Nc3 a6 12. Be3 Qh4 13. Bc2 Qd8 14. Na4 Bxa4 15. Bxa4+ b5 16. Bb3 Bb4 17. Qg4 Bf8 18. Rad1 Ne7 19. Bc2 g6 20. Bc5 Rc8 21. b4 h5 22. Qg3 Nf5 23. Bxf5 gxf5 24. Bxf8 Kxf8 25. Rc1 Rc4 26. Qe3 d4 27. Qd3 Qd5 28. Rcd1 Rg8 29. f3 h4 30. h3 Ke7 31. Re2 Rd8 32. Qd2 Rg8 33. Kf2 Kd7 34. a3 Rgc8 35. Kf1 Kc6 36. Qe1 Kb7 37. Red2 Rd8 38. Rd3 Qc6 39. Qxh4 Rd7 40. Kg1 Qb6 41. Kh1 Qd8 42. Qf2 f6 43. f4 fxe5 44. fxe5 Qc7 45. Qf4 Qc6 46. Kh2 Qe4 47. Qg5 Qxe5+ 48. Kh1 Rg7 49. Qd8 Rg3 50. Rxd4 Rxd4 51. Qxd4 Qxd4 52. Rxd4 Rxa3 53. Kh2 Kc6 54. h4 e5 55. Rd8 Rb3 56. h5 Rxb4 57. g3 f4 58. h6 fxg3+ 59. Kxg3 Rb3+ 60. Kg4 Rb1 61. h7 Rh1 62. h8Q Rxh8 63. Rxh8 a5 64. Kf3 Kc5 65. Ke3 Kc4 66. Kd2 a4 67. Kc2 e4 68. Re8 Kd4 69. Rd8+ Kc4 70. Rc8+ Kd4 71. Rb8 Kc4 72. Ra8 Kb4 73. Re8 Ka3 74. Kb1 Kb3 75. Rxe4 a3 76. Re3+ Ka4 77. Ka2 b4 78. Re4 Kb5 79. Kb3 Kc5 80. Rc4+ Kd5 81. Rxb4 a2 82. Kxa2 Kc5 83. Ra4 1-0

[Event "Dortmund Sparkassen op-B"]
[Site "Dortmund"]
[Date "2008.07.05"]
[Round "8"]
[White "Kropp, Andreas Juergen"]
[Black "Gelashvili, Vakhtang"]
[Result "1-0"]
[WhiteElo "1879"]
[BlackElo "1730"]
[PlyCount "127"]
[EventDate "2008.06.30"]
[EventType "swiss"]
[EventRounds "9"]
[EventCountry "GER"]
[SourceTitle "EXT 2022"]
[Source "ChessBase"]
[SourceDate "2021.10.06"]
[SourceVersion "1"]
[SourceVersionDate "2021.10.06"]
[SourceQuality "1"]

1. d4 Nf6 2. c4 g6 3. Nf3 d6 4. Nc3 Bg7 5. e4 0-0 6. Be2 Nc6 7. d5 Nb8 8. Be3 e5 9. dxe6 fxe6 10. Qd2 Nc6 11. 0-0 Ng4 12. Bg5 Qe8 13. h3 Nge5 14. Nxe5 dxe5 15. c5 Nd4 16. Bc4 Qc6 17. b4 b5 18. Bd3 a6 19. Ne2 Bb7 20. Nc1 Qd7 21. Rb1 Rf3 22. Nb3 Rf7 23. f3 Raf8 24. Na5 Ba8 25. Rbd1 Qe8 26. a3 Rd7 27. Qe3 Rdf7 28. Bb1 Rd7 29. Rd2 Rdf7 30. Ba2 Kh8 31. Nb3 Bb7 32. Kh1 Qa8 33. Nxd4 exd4 34. Rxd4 e5 35. Rdd1 Rf4 36. Bxf4 exf4 37. Qc1 Qe8 38. Rd3 Qe5 39. Rfd1 Bf6 40. c6 Bc8 41. Rd5 Qe7 42. Qc5 Qg7 43. e5 Be7 44. Qc3 Qh6 45. R5d2 Qh4 46. e6+ Bf6 47. e7 Re8 48. Rd8 Bxc3 49. Rxe8+ Kg7 50. Rg8+ Kh6 51. e8Q Bxh3 52. Qe2 Be6+ 53. Kg1 Bxg8 54. Bxg8 Bg7 55. Be6 Bf8 56. Bh3 Qf6 57. Qe6 Qc3 58. Qf7 Bg7 59. Qxf4+ g5 60. Qxc7 Qe3+ 61. Kh1 Be5 62. Rd6+ Bxd6 63. Qxd6+ Kh5 64. Bg4+ 1-0

[Event "Dortmund Sparkassen op-B"]
[Site "Dortmund"]
[Date "2008.07.04"]
[Round "7"]
[White "Gelashvili, Vakhtang"]
[Black "Schuetz, Ralf"]
[Result "1-0"]
[WhiteElo "1730"]
[BlackElo "1813"]
[PlyCount "77"]
[EventDate "2008.06.30"]
[EventType "swiss"]
[EventRounds "9"]
[EventCountry "GER"]
[SourceTitle "EXT 2022"]
[Source "ChessBase"]
[SourceDate "2021.10.06"]
[SourceVersion "1"]
[SourceVersionDate "2021.10.06"]
[SourceQuality "1"]

1. e4 e6 2. Nf3 b6 3. Be2 Bb7 4. d3 d5 5. e5 Ne7 6. d4 c5 7. c3 Nf5 8. g4 Nh4 9. Rg1 Be7 10. Nxh4 Bxh4 11. Nd2 cxd4 12. cxd4 Be7 13. a3 0-0 14. Nf3 b5 15. g5 Qa5+ 16. Bd2 Qb6 17. h4 Nc6 18. Be3 g6 19. Nh2 b4 20. Ng4 Ba6 21. Nf6+ Bxf6 22. gxf6 Rab8 23. h5 bxa3 24. bxa3 Bxe2 25. Kxe2 Qa6+ 26. Kf3 Rb2 27. hxg6 fxg6 28. Rc1 Rfb8 29. Kf4 Nd8 30. Qh5 Qd3 31. Qh6 R2b7 32. Rg5 Rf7 33. Rcg1 Qe4+ 34. Kg3 Rb3 35. Rg4 Qf5 36. Rc1 Rb8 37. a4 Qd3 38. a5 Qa3 39. Rxg6+ 1-0

[Event "Lippe Cup 03rd"]
[Site "Lieme"]
[Date "2006.10.08"]
[Round "5"]
[White "Hartig, Frank"]
[Black "Gelashvili, Vakhtang"]
[Result "0-1"]
[WhiteElo "2005"]
[BlackElo "1997"]
[PlyCount "82"]
[EventDate "2006.10.06"]
[EventType "swiss"]
[EventRounds "5"]
[EventCountry "GER"]
[SourceTitle "EXT 2012"]
[Source "ChessBase"]
[SourceDate "2011.11.24"]
[SourceVersion "1"]
[SourceVersionDate "2011.11.24"]
[SourceQuality "1"]

1. e4 c6 2. d3 d5 3. Nd2 e5 4. Ngf3 Bd6 5. Be2 Ne7 6. 0-0 0-0 7. Re1 Ng6 8. c3 f5 9. Bf1 dxe4 10. dxe4 f4 11. Qb3+ Kh8 12. c4 Qe7 13. a3 Nd7 14. Qc3 Nf6 15. b4 b6 16. Nb3 Bg4 17. Nfd2 Nh5 18. f3 Be6 19. c5 Bc7 20. Bc4 Qh4 21. Bb2 Bd7 22. Nf1 Qg5 23. Re2 Bh3 24. Kh1 Bd7 25. Rd1 Rad8 26. Red2 Nh4 27. Qc2 Nf6 28. a4 b5 29. axb5 cxb5 30. Bd5 Be8 31. Be6 Rxd2 32. Rxd2 Bh5 33. Rf2 Rd8 34. Na5 Nxg2 35. Nc6 Rf8 36. Bc1 Nh4 37. Qd3 Bg6 38. Ne7 Bh5 39. Ng3 Rd8 40. Nd5 Bg6 41. Ne2 Nxf3 0-1